00673nam a22001937a 4500003000500000005001700005008004100022010000900063011000900072035000900081040000900090100002800099245013100127260004200258300002200300502008700322650003900409650003100448CHAP20220329133622.0971013s1992 r 00010 d a8625 a9597 a8832 cCHAP00aTrejo Calzada, Ricardo. aCaracterización in vitro de la tolerancia al déficit hídrico y a salinidad en células de Amaranthus hypochondriacus L. aMontecillo, Méx. :bEl autor,c1992 a146 h.b; gráfs aTesis (M.C. Esp. en Fisiología Vegetal) -- C.P. Programa de Fisiología Vegetal14aAmarantoxEfecto de las sequías.14aPlantasxEfecto de la sal.